000 00263nam a22001097a 4500
082 _a388
_bTRA
_cD
245 _aTraffic Engineering
300 _averable pages
_bill, ;
_c24 cm
526 _a0
_b0
_c0
_d388_000000000000000_TRA
650 _aMCE (D)
942 _2ddc
_cBK
999 _c543046
_d543046